NOTES ON THE ECOLOGICAL INTERRELATION BETWEEN CROCUS HEUFFELIANUS HERB. AND MICROTUS ARVALIS PALLAS

Bibliographic Details
Main Authors: Hilbert, Hubert, 1943- (Author), Múdry, Peter (Author)
Other Authors: Wohland, M. (Translator)
Format: Article
Language:English

MARC

LEADER 00000nab a2200000uu 4500
001 vtls011440968
003 SK-MaSNL
005 20260303123327.0
008 230213|1976 xo |||||||||||||||||eng|
015 |a SNBRB 
035 |a (urnnbn)urn:nbn:sk:snk:ar-002zoi 
035 |a (uuid)df4155ed-cd6d-45f3-8827-0185eb2856fb 
035 |a urn:nbn:sk:snk-abcfbj 
040 |a SNKBUCL  |b slo  |c SNKBUCL  |e AACR2 
041 0 |a eng 
044 |a xo  |c SK 
100 1 |a Hilbert, Hubert,  |d 1943-  |4 aut  |9 224291 
245 1 0 |a NOTES ON THE ECOLOGICAL INTERRELATION BETWEEN CROCUS HEUFFELIANUS HERB. AND MICROTUS ARVALIS PALLAS  |c Hubert Hilbert, Peter Múdry, M. Wohland 
700 1 |a Múdry, Peter  |4 aut  |9 332483 
700 1 |a Wohland, M.  |4 trl  |9 1138753 
773 0 |t Biológia : časopis Slovenskej akadémie vied  |g Roč. 31, č. 10 (1976), s. 751-763 
954 |a odborná, vedecká literatúra pôvodná (slovenská)  |2 lita 
958 |a OND 
958 |a EUIPO 
958 |a article16 
999 |c 1925259  |d 1927189